00709nam a22002057a 4500003000400000005001700004008004100021040002900062050002200091100003000113245002300143260004700166300001100213650002400224650002700248650003400275942001500309952016200324999001700486OSt20260521142333.0260521b |||||||| |||| 00| 0 eng d cChuka University Library aML 3521 .H36 1972 aHANDY W.C.[Editor]926332 aBLUES AN ANTHOLOGY aLondonbCOLLIER MACMILLAN PUBLISHERSc1972 a224 P. aBlues[music]926333 aBlues musicians926334 aAfrican American music926335 2lcccMUn0 00102lcc40708LGLaCHKbCHKcGENd2025-07-10eDonation from books of Africal0oML 3521 .H36 1972p32044/2026r2026-05-21 14:24:59v509.55w2026-05-21yMU c22847d22847